000 00827nam a22002297a 4500
001 48217
003 BD-RjUL
005 20211209054500.0
008 160813s1964 bg ||||| |||| 00| 0 ben d
020 _c: TK 1.00
035 _a(BD-RjUL)48336
040 _aBD-RjUL
_bben
_cBD-RjUL
041 _aben
082 _223
_a891.442
_bKHK 1964
100 _aখান, মোহাম্মদ ফেরদাউস
_9124577
245 1 0 _aকচি-মেলা :
_bশিশু-নাট্য /
_cমোহাম্মদ ফেরদাউস খান
260 _aঢাকা :
_bবাংলা একাডেমী,
_c১৯৬৪ [১৩৭১]
300 _a৫৫ পৃ. ;
_c১৯ সেমি.
650 _aবাংলা নাটক
_9146045
650 _aBengali Drama
_9146046
942 _2ddc
_cBK
999 _c48217
_d48217